<?xml version="1.0" encoding="UTF-8"?>
<marc:record xmlns:marc="http://www.loc.gov/MARC21/slim">
   <marc:leader>00000nam a2200000 a 4500</marc:leader>
   <marc:datafield ind1="1" ind2=" " tag="100">
      <marc:subfield code="a">Lagerlöf, Ulrika</marc:subfield>
      <marc:subfield code="4">aut</marc:subfield>
      <marc:subfield code="e">Verfasser/-in</marc:subfield>
   </marc:datafield>
   <marc:datafield ind1="1" ind2=" " tag="100">
      <marc:subfield code="a">Barth, Maike</marc:subfield>
      <marc:subfield code="4">trl</marc:subfield>
      <marc:subfield code="e">Übersetzer/-in</marc:subfield>
   </marc:datafield>
   <marc:datafield ind1=" " ind2=" " tag="653">
      <marc:subfield code="a">Familiensaga</marc:subfield>
   </marc:datafield>
   <marc:datafield ind1=" " ind2=" " tag="653">
      <marc:subfield code="a">Historischer Roman</marc:subfield>
   </marc:datafield>
   <marc:datafield ind1=" " ind2=" " tag="653">
      <marc:subfield code="a">Wald</marc:subfield>
   </marc:datafield>
   <marc:datafield ind1=" " ind2=" " tag="653">
      <marc:subfield code="a">Konflikt</marc:subfield>
   </marc:datafield>
   <marc:datafield ind1=" " ind2=" " tag="653">
      <marc:subfield code="a">Herkunft</marc:subfield>
   </marc:datafield>
   <marc:datafield ind1=" " ind2=" " tag="653">
      <marc:subfield code="a">Schweden</marc:subfield>
   </marc:datafield>
   <marc:datafield ind1=" " ind2=" " tag="653">
      <marc:subfield code="a">Identitätssuche</marc:subfield>
   </marc:datafield>
   <marc:datafield ind1=" " ind2=" " tag="653">
      <marc:subfield code="a">verbotene Liebe</marc:subfield>
   </marc:datafield>
   <marc:datafield ind1=" " ind2=" " tag="653">
      <marc:subfield code="a">Softcover / Belletristik/Gegenwartsliteratur (ab 1</marc:subfield>
   </marc:datafield>
   <marc:datafield ind1=" " ind2=" " tag="653">
      <marc:subfield code="a">Starke Frauenfiguren</marc:subfield>
   </marc:datafield>
   <marc:datafield ind1=" " ind2=" " tag="653">
      <marc:subfield code="a">Geheime Familiengeschichte</marc:subfield>
   </marc:datafield>
   <marc:datafield ind1=" " ind2=" " tag="653">
      <marc:subfield code="a">Sámi</marc:subfield>
   </marc:datafield>
   <marc:datafield ind1=" " ind2=" " tag="653">
      <marc:subfield code="a">Waldarbeiter</marc:subfield>
   </marc:datafield>
   <marc:datafield ind1=" " ind2=" " tag="653">
      <marc:subfield code="a">Köchin</marc:subfield>
   </marc:datafield>
   <marc:datafield ind1=" " ind2=" " tag="653">
      <marc:subfield code="a">Frauen in der Forstwirtschaft</marc:subfield>
   </marc:datafield>
   <marc:datafield ind1=" " ind2=" " tag="653">
      <marc:subfield code="a">Abrodung</marc:subfield>
   </marc:datafield>
   <marc:datafield ind1="0" ind2="0" tag="245">
      <marc:subfield code="a">Wo die Moltebeeren leuchten (Die Norrland-Saga, Bd. 1)</marc:subfield>
   </marc:datafield>
   <marc:datafield ind1="0" ind2="0" tag="245">
      <marc:subfield code="b">Roman | Die bewegende Bestseller-Saga aus Schweden | Inspiriert von Lagerlöfs eigener Familiengeschichte und wahren historischen Ereignissen</marc:subfield>
   </marc:datafield>
   <marc:datafield ind1=" " ind2="1" tag="264">
      <marc:subfield code="a">Berlin</marc:subfield>
      <marc:subfield code="b">Gutkind Verlag</marc:subfield>
      <marc:subfield code="c">2025</marc:subfield>
   </marc:datafield>
   <marc:datafield ind1=" " ind2=" " tag="250">
      <marc:subfield code="a">1. Auflage</marc:subfield>
   </marc:datafield>
   <marc:datafield ind1="1" ind2=" " tag="520">
      <marc:subfield code="a">In den rauen Wäldern Nordschwedens finden zwei Frauen die Wege ihres Glücks&lt;br/&gt;&lt;br/&gt;1938, Nordschweden: Die siebzehnjährige Siv wird in die tief verschneiten Wälder geschickt, um als Köchin eine Gruppe von zehn Waldarbeitern zu versorgen. Ein entbehrungsreiches Leben ohne Strom und Komfort erwartet sie  und doch ist es genau dort, mitten in der rauen Natur, wo Siv zum ersten Mal echte Freiheit spürt. Und Liebe. In der Abgeschiedenheit begegnet sie Nila, einem jungen Sámi  und erlebt eine zarte Liebe, die stärker ist als alle Konventionen. Doch als der Sommer endet, bleibt nur ein Geheimnis, das nie ans Licht kommen darf.&lt;br/&gt;2022: Eva kehrt als PR-Beraterin für ein Forstunternehmen in das Dorf ihrer Kindheit zurück. Sie soll den Widerstand gegen ein umstrittenes Abholzungsprojekt beruhigen. Doch die scheinbar klare Aufgabe wird schnell zur Reise in die eigene Vergangenheit. Stück für Stück entblättert sich eine Geschichte, die tief in den schwedischen Wäldern wurzelt. Und bald steht Eva vor der Frage: Welche Wahrheit liegt wirklich im Schatten der Moltebeeren verborgen?&lt;br/&gt;Ein berührender Roman über ein lang gehütetes Familiengeheimnis, verbotene Liebe und das Echo der Vergangenheit  der fesselnde Auftakt der Norrland-Saga!&lt;br/&gt;&lt;br/&gt;Die hinreißende Schweden-Saga geht weiter:&lt;br/&gt;Band 1: Wo die Moltebeeren leuchten, Juli 2025&lt;br/&gt;Band 2: Wo das Feuerkraut blüht, Mai 2026&lt;br/&gt;Band 3: Wo das Herz des Waldes ruht, Oktober 2026&lt;br/&gt;&lt;br/&gt;Bei Fragen zur Produktsicherheit, wenden Sie sich bitte an: info@gutkind-verlag.de</marc:subfield>
   </marc:datafield>
   <marc:datafield ind1=" " ind2=" " tag="020">
      <marc:subfield code="a">9783989410640</marc:subfield>
      <marc:subfield code="9">9783989410640</marc:subfield>
   </marc:datafield>
   <marc:datafield ind1=" " ind2=" " tag="041">
      <marc:subfield code="a">ger</marc:subfield>
   </marc:datafield>
   <marc:datafield ind1="1" ind2=" " tag="521">
      <marc:subfield code="a">0</marc:subfield>
   </marc:datafield>
   <marc:datafield ind1=" " ind2=" " tag="300">
      <marc:subfield code="a">448 Seiten</marc:subfield>
   </marc:datafield>
</marc:record>
